00687 2200229 4500001002100000005001500021035002000036650004300056245005100099264004500150090000800195100002800203008004100231082001000272084001900282260006400301300002100365500001700386990001800403990001800421990001800439INLIS00000000002962120230131030657 a0010-0619029621 4aPembelajaran difabel Pendidikan Khusus1 aLatihan Meraba dan Berbicara /cDian Komarwati alai Penerbitan Braille Indonesia ABIYOSO 71.90 aDian Komarwatiepenulis230131 f 0 ind  a371.9 aSR 371.9 DIA l aCimahi :bBalai Penerbitan Braille Indonesia ABIYOSO,c2016 a3 Jilid ;c30 cm aBuku braille a024928.040731 a024929.040732 a034371.040955